00526nam a2200157 a 450000100060000000300090000600800410001504000280005608200180008410000340010224501080013626000500024430000100029465000310030465000330033524137CO-ViMGA141112s2004 ck r 000 u spa d aCO-ViMGAbspacCO-ViMGA04a780.986 R637m1 aRodriguez Mendoza, Juan Pablo10aMusicas Andinas de Centro Sur : bQue viva San Juan que viva San Pedro / cJuan Pablo Rodriguez Mendoza aColombia : bMinisterio de cultura, c2009 \  a509p.14aMUSICA ANDINA - COLOMBIANA14aMUSICA ANDINA - ENSEÑANZA